| 000 | 00859nas a2200277 4500 | ||
|---|---|---|---|
| 001 | BR2020000231 | ||
| 003 | BR-BrBNA | ||
| 005 | 20231205132041.0 | ||
| 007 | ta | ||
| 008 | 230509b bl.|||p| |||| 00| 00por d | ||
| 040 |
_aBR-BrBNA _bpor _cBiblioteca Nacional de Agricultura |
||
| 041 | _a(En) | ||
| 072 | _aF02 | ||
| 100 | 1 | _aMarchioretto, L. de Ross | |
| 100 | 1 | _aRossi, A. de | |
| 100 | 1 | _aAmaral, L.O. do | |
| 100 | 1 | _aRibeiro, A.M.A. de S. | |
| 245 | 1 | _aTolerance of apple rootstocks to short-term waterlogging | |
| 650 | _aMAÇÃ | ||
| 650 | _aPORTA ENXERTO | ||
| 650 | _aSISTEMA RADICULAR | ||
| 773 | 0 |
_tCiência Rural (Brazil) _xISSN 1678-4596 _g(2018), v. 48(9) p. 1-7 _wBR2020000231 |
|
| 856 | 4 | 0 | _uhttp://www.scielo.br/pdf/cr/v48n9/1678-4596-cr-48-09-e20170940.pdf |
| 909 |
_a202311 _bLúcia _c55 _dLúcia Elande |
||
| 942 |
_2AGRIS _n0 _cANA |
||
| 999 |
_c258199 _d258199 |
||